<?xml version="1.0" encoding="UTF-8"?><?xml-stylesheet type="text/xsl" href="static/style.xsl"?><OAI-PMH xmlns="http://www.openarchives.org/OAI/2.0/" xmlns:xsi="http://www.w3.org/2001/XMLSchema-instance" xsi:schemaLocation="http://www.openarchives.org/OAI/2.0/ http://www.openarchives.org/OAI/2.0/OAI-PMH.xsd"><responseDate>2026-04-17T05:49:41Z</responseDate><request verb="GetRecord" identifier="oai:www.recercat.cat:2445/18744" metadataPrefix="marc">https://recercat.cat/oai/request</request><GetRecord><record><header><identifier>oai:recercat.cat:2445/18744</identifier><datestamp>2025-11-21T05:48:19Z</datestamp><setSpec>com_2072_1057</setSpec><setSpec>col_2072_478823</setSpec><setSpec>col_2072_478917</setSpec></header><metadata><record xmlns="http://www.loc.gov/MARC21/slim" xmlns:dcterms="http://purl.org/dc/terms/" xmlns:xsi="http://www.w3.org/2001/XMLSchema-instance" xmlns:doc="http://www.lyncode.com/xoai" xsi:schemaLocation="http://www.loc.gov/MARC21/slim http://www.loc.gov/standards/marcxml/schema/MARC21slim.xsd">
   <leader>00925njm 22002777a 4500</leader>
   <datafield ind2=" " ind1=" " tag="042">
      <subfield code="a">dc</subfield>
   </datafield>
   <datafield ind2=" " ind1=" " tag="720">
      <subfield code="a">Magdaleno Escar, Francesc Xavier</subfield>
      <subfield code="e">author</subfield>
   </datafield>
   <datafield ind2=" " ind1=" " tag="720">
      <subfield code="a">Casademunt i Viader, Jaume</subfield>
      <subfield code="e">author</subfield>
   </datafield>
   <datafield ind2=" " ind1=" " tag="260">
      <subfield code="c">2011-07-07T12:51:47Z</subfield>
   </datafield>
   <datafield ind2=" " ind1=" " tag="260">
      <subfield code="c">2011-07-07T12:51:47Z</subfield>
   </datafield>
   <datafield ind2=" " ind1=" " tag="260">
      <subfield code="c">1999</subfield>
   </datafield>
   <datafield ind2=" " ind1=" " tag="520">
      <subfield code="a">We find that solvability theory selects a set of stationary solutions of the Saffman-Taylor problem with coexistence of two unequal fingers advancing with the same velocity but with different relative widths ${\ensuremath{\lambda}}_{1}$ and ${\ensuremath{\lambda}}_{2}$ and different tip positions. For vanishingly small dimensionless surface tension ${d}_{0},$ an infinite discrete set of values of the total filling fraction $\ensuremath{\lambda}={\ensuremath{\lambda}}_{1}+{\ensuremath{\lambda}}_{2}$ and of the relative individual finger width $p={\ensuremath{\lambda}}_{1}/\ensuremath{\lambda}$ are selected out of a two-parameter continuous degeneracy. They scale as $\ensuremath{\lambda}\ensuremath{-}1/2\ensuremath{\sim}{d}_{0}^{2/3}$ and $|p\ensuremath{-}1/2|\ensuremath{\sim}{d}_{0}^{1/3}.$ The selected values of $\ensuremath{\lambda}$ differ from those of the single finger case. Explicit approximate expressions for both spectra are given.</subfield>
   </datafield>
   <datafield tag="653" ind2=" " ind1=" ">
      <subfield code="a">Dinàmica de fluids</subfield>
   </datafield>
   <datafield tag="653" ind2=" " ind1=" ">
      <subfield code="a">Fluid dynamics</subfield>
   </datafield>
   <datafield ind2="0" ind1="0" tag="245">
      <subfield code="a">Two-finger selection theory in the Saffman-Taylor problem</subfield>
   </datafield>
</record></metadata></record></GetRecord></OAI-PMH>